ბათუმის შოთა რუსთაველის სახელმწიფო უნივერსიტეტის ბიბლიოთეკა

ადამიანის ანატომია: (ბიბ.ჩანაწერი № 62402)

000 -ლიდერი
ფიქსირებული სიგრძის საკონტროლო ველი 01142nam a22002177a 4500
003 - საკონტროლო ნომრის იდენტიფიკატორი
საკონტროლო ველი Ge_BSU
005 - ბოლო ოპერაციის თარიღი და დრო
საკონტროლო ველი 20241022173952.0
008 - ფიქსირებული სიგრძის მონაცემთა ელემენტები - ზოგადი ინფორმაცია
ფიქსირებული სიგრძის საკონტროლო ველი 241022s1970 ge ||||| |||| 00| 0 geo d
041 ## - ენის კოდი
Language code of text/sound track or separate title geo
080 ## - უნივერსალური ათობითი კლასიფიკაციის ინდექსი
Universal Decimal Classification number 611(075.8) თ-52
100 ## - მთავარი ჩანაწერი - პიროვნების სახელი
Personal name თვალაძე, გიორგი.
9 (RLIN) 23492
245 ## - ცნობა სათაურის შესახებ
Title ადამიანის ანატომია:
Remainder of title ნაწ. 2: სახელმძღვანელო ფიზიკური კულტურის ინსტიტუტის სტუდენტებისათვის /
Statement of responsibility, etc გიორგი თვალაძე, რედ.ლ. გუგუნავა, ნ.ფავლენიშვილი.
250 ## - გამოცემის ცნობა
Edition statement მე-3 გამოცემა
264 ## - წარმოების, გამოცემის, დისტრიბუციის და სხვა ცნობები
გამოცემის, წარმოების, დისტრიბუციის... ადგილი თბილისი :
გამოცემის, წარმოების, დისტრიბუციის... სახელწოდება განათლება,
გამოცემის, წარმოების, დისტრიბუციის... თარიღი 1970.
300 ## - ფიზიკური აღწერა
Extent 362 გვ. :
Other physical details ილ.
653 ## - INDEX TERM--UNCONTROLLED
Uncontrolled term ადამიანის ანატომია
653 ## - INDEX TERM--UNCONTROLLED
Uncontrolled term მედიცინა
700 ## - ADDED ENTRY--PERSONAL NAME
Personal name გუგუნავა, ლ
Relator term რედაქტორი
9 (RLIN) 23493
700 ## - ADDED ENTRY--PERSONAL NAME
Personal name ფავლენიშვილი, ნ
Relator term რედაქტორი
9 (RLIN) 3115
942 ## - ADDED ENTRY ELEMENTS (KOHA)
Source of classification or shelving scheme
Koha item type წიგნი
ეგზემპლარები
ჩამოწერის სტატუსი დაკარგული ეგზემპლარის სტატუსი კლასიფიკაციის წყარო ან თაროზე გაწყობის სქემა დაზიანების სტატუსი არ გაიცემა მუდმივი მდებარეობა (დაცვის ადგილი) ამჟამინდელი ადგილსამყოფელი თაროზე განთავსების ადგილი შეძენის თარიღი ღირებულება, შესყიდვის ნორმალური ფასი სრული შენახვის შიფრი შტრიხკოდი ბოლო ოპერაციის თარიღი ეგზემპლარის მიმდევრობითი ნომერი (კეტერი?) ფასის ძალაში შესვლის თარიღი ეგზემპლარის სახეობა საჯარო შენიშვნა
          ბათუმის შოთა რუსთაველის სახელმწიფო უნივერსიტეტის მთავარი ბიბლიოთეკა ბათუმის შოთა რუსთაველის სახელმწიფო უნივერსიტეტის მთავარი ბიბლიოთეკა წიგნსაცავი 2024-10-22 2.00 611(075.8) თ-52 69482 2024-10-22 69482 2024-10-22 წიგნი 2ლ.48თ.
          ბათუმის შოთა რუსთაველის სახელმწიფო უნივერსიტეტის მთავარი ბიბლიოთეკა ბათუმის შოთა რუსთაველის სახელმწიფო უნივერსიტეტის მთავარი ბიბლიოთეკა წიგნსაცავი 2024-10-22 2.00 611(075.8) თ-52 69483 2024-10-22 69483 2024-10-22 წიგნი 2ლ.48თ.
          ბათუმის შოთა რუსთაველის სახელმწიფო უნივერსიტეტის მთავარი ბიბლიოთეკა ბათუმის შოთა რუსთაველის სახელმწიფო უნივერსიტეტის მთავარი ბიბლიოთეკა წიგნსაცავი 2024-10-22 2.00 611(075.8) თ-52 69484 2024-10-22 69484 2024-10-22 წიგნი 2ლ.48თ.
          ბათუმის შოთა რუსთაველის სახელმწიფო უნივერსიტეტის მთავარი ბიბლიოთეკა ბათუმის შოთა რუსთაველის სახელმწიფო უნივერსიტეტის მთავარი ბიბლიოთეკა წიგნსაცავი 2024-10-22 2.00 611(075.8) თ-52 69485 2024-10-22 69485 2024-10-22 წიგნი 2ლ.48თ.
          ბათუმის შოთა რუსთაველის სახელმწიფო უნივერსიტეტის მთავარი ბიბლიოთეკა ბათუმის შოთა რუსთაველის სახელმწიფო უნივერსიტეტის მთავარი ბიბლიოთეკა წიგნსაცავი 2024-10-22 2.00 611(075.8) თ-52 69486 2024-10-22 69486 2024-10-22 წიგნი 2ლ.48თ.
          ბათუმის შოთა რუსთაველის სახელმწიფო უნივერსიტეტის მთავარი ბიბლიოთეკა ბათუმის შოთა რუსთაველის სახელმწიფო უნივერსიტეტის მთავარი ბიბლიოთეკა წიგნსაცავი 2024-10-22 2.00 611(075.8) თ-52 69487 2024-10-22 69487 2024-10-22 წიგნი 2ლ.48თ.